000 00434nam a22001697a 4500
005 20180811104609.0
008 160613b xxu||||| |||| 00| 0 eng d
020 _a81-242-0268-0
041 _aeng
082 _b7282
_a658.3124
100 _aRAE, LESLIE
_91809
245 _aTHE ART OFTRAINING AND DEVELOPMENT IN MANAGEMENT (VOL-3)
260 _bCrest Publshing house
300 _a234p,
650 _aManagement
_9241
942 _cBK
999 _c2544
_d2543